| 000 | 00375nam a2200133Ia 4500 | ||
|---|---|---|---|
| 008 | 230711s9999||||xx |||||||||||||| ||und|| | ||
| 041 | _aENG | ||
| 082 |
_a621.381 _bPR-V |
||
| 100 | _aPrasad,S | ||
| 245 | 2 |
_aA video course on digital communication _bL : 1. Introduction to the course |
|
| 260 |
_c1995 _aNew Delhi _bIIT ,Delhi |
||
| 650 | _aElectronics Engineering | ||
| 942 | _cBK | ||
| 999 |
_c3189 _d3189 |
||